000 00674nam a2200241Ia 4500
003 OSt
005 20220928125833.0
006 a|||||r|||| 00| 0
007 ta
008 220927b |||||||| |||| 00| 0 eng d
024 _a62753
037 _cTextual
040 _aSDCL
_cSDCL
_beng
041 _2eng
_aeng
082 _aD6,8(B2895),1, P9
100 _aStallings William
_9391523
245 0 _aOperating System
_bIntternals and design priniciples.
250 _a6th Ed
260 _aNew Delhi
_bPrentice hall
_c2009
300 _axviii,822p.
_ccm.
942 _hD6,8(B2895),1, P9
_cTEXL
_2CC
999 _c784304
_d784304